Landkreise mit einem Doppelnamen - Statistiken

Allgemein
  • Dieses Quiz wurde 180 mal gespielt
  • Das Durchschnittsergebnis liegt bei 38 aus 77
Antwortstatistiken
Bundesland Landkreis % Korrekt
Hessen Main-Taunus
77%
Hessen Main-Kinzig
76%
Nordrhein-Westfalen Rhein-Erft
73%
Hessen Rheingau-Taunus
73%
Nordrhein-Westfalen Rhein-Sieg
73%
Hessen Lahn-Dill
71%
Baden-Württemberg Rhein-Neckar
71%
Baden-Württemberg Main-Tauber
68%
Mecklenburg-Vorpommern Vorpommern-Rügen
68%
Hessen Werra-Meißner
68%
Hessen Schwalm-Eder
66%
Rheinland-Pfalz Rhein-Hunsrück
65%
Rheinland-Pfalz Rhein-Lahn
65%
Brandenburg Elbe-Elster
63%
Baden-Württemberg Neckar-Odenwald
63%
Mecklenburg-Vorpommern Vorpommern-Greifswald
63%
Brandenburg Dahme-Spreewald
61%
Brandenburg Oder-Spree
61%
Rheinland-Pfalz Rhein-Pfalz
61%
Brandenburg Spree-Neiße
61%
Rheinland-Pfalz Mayen-Koblenz
60%
Thüringen Saale-Orla
60%
Baden-Württemberg Alb-Donau
58%
Rheinland-Pfalz Alzey-Worms
58%
Mecklenburg-Vorpommern Ludwigslust-Parchim
58%
Bayern Aichach-Friedberg
56%
Bayern Main-Spessart
56%
Schleswig-Holstein Rendsburg-Eckernförde
56%
Nordrhein-Westfalen Rheinisch-Bergischer
56%
Thüringen Saale-Holzland
56%
Sachsen-Anhalt Anhalt-Bitterfeld
53%
Rheinland-Pfalz Mainz-Bingen
53%
Hessen Waldeck-Frankenberg
53%
Baden-Württemberg Breisgau-Hochschwarzwald
52%
Hessen Darmstadt-Dieburg
52%
Bayern Rhön-Grabfeld
52%
Schleswig-Holstein Schleswig-Flensburg
52%
Hessen Limburg-Weilburg
50%
Hessen Marburg-Biedenkopf
50%
Baden-Württemberg Schwarzwald-Baar
50%
Bayern Donau-Ries
48%
Thüringen Unstrut-Hainich
48%
Rheinland-Pfalz Bitburg-Prüm
47%
Hessen Hersfeld-Rotenburg
47%
Brandenburg Teltow-Fläming
47%
Rheinland-Pfalz Bernkastel-Wittlich
45%
Thüringen Saalfeld-Rudolstadt
45%
Thüringen Schmalkalden-Meiningen
45%
Bayern Weißenburg-Gunzenhausen
45%
Bayern Bad Tölz-Wolfratshausen
42%
Niedersachsen Lüchow-Dannenberg
42%
Saarland Merzig-Wadern
42%
Brandenburg Oberspreewald-Lausitz
42%
Sachsen Sächsische Schweiz-Osterzgebirge
42%
Rheinland-Pfalz Cochem-Zell
40%
Bayern Weilheim-Schongau
40%
Sachsen-Anhalt Mansfeld-Südharz
39%
Brandenburg Märkisch-Oderland
39%
Brandenburg Ostprignitz-Ruppin
39%
Bayern Freyung-Grafenau
37%
Baden-Württemberg Rems-Murr
37%
Bayern Rottal-Inn
37%
Bayern Amberg-Sulzbach
35%
Nordrhein-Westfalen Ennepe-Ruhr
35%
Hessen Groß-Gerau
35%
Nordrhein-Westfalen Minden-Lübbecke
35%
Bayern Neuburg-Schrobenhausen
34%
Bayern Straubing-Bogen
34%
Bayern Garmisch-Partenkirchen
32%
Niedersachsen Hameln-Pyrmont
32%
Brandenburg Potsdam-Mittelmark
32%
Rheinland-Pfalz Trier-Saarburg
27%
Bayern Dingolfing-Landau
26%
Nordrhein-Westfalen Siegen-Wittgenstein
26%
Bayern Neu-Ulm
23%
Bayern Erlangen-Höchstadt
21%
Bayern Neustadt an der Aisch-Bad Windsheim
18%
Keine übereinstimmenden Quizze gefunden
Verteilung der Resultate
Anzahl Personen mit jedem Resultat
Perzentil nach korrekt beantworteten Fragen
Ihre Resultats-Entwicklung
Sie haben dieses Quiz noch nicht gespielt